000 00370nam a2200133Ia 4500
008 151213s9999 xx 000 0 und d
100 _aLisa Fortini Compbell
245 _aThe Consumer Insight Workbook
_cLisa Fortini Compbell
260 _aU S A
_bThe Copy Warkshop
_c1992
300 _a2956 p.
650 _aMarketing
700 _aLisa Fortini Compbell
999 _c2043
_d2043